000 00325cam a22001097a 4500
008 180718b2005 xxu||||| |||| 00| 0 eng d
082 _aV43x54 Sh23(H)
100 _aSharma,Ram avtar and Yadav,Sushma
245 _aJal: Kal,ajj or kal
_cRam avtar sharma and Sushma yadav
260 _aDelhi
_bAakar books
_c2005
300 _a196p.
999 _c503816
_d503816